| 000 | 00563nam a2200193Ii 4500 | ||
|---|---|---|---|
| 003 | JO-AjNU | ||
| 008 | 230606s9999||||xx |||||||||||||| ||und|| | ||
| 020 | _a81-7629-547-7 | ||
| 040 |
_aJO-AjNU _beng _erda _cJO-AjNU |
||
| 041 | _aeng | ||
| 050 | 1 | 4 | _aKNS1100.A67.S46.2004 |
| 100 | 3 |
_aSINGH ، SHIV SAHAI, _eauthor _97 |
|
| 245 | 0 | 4 | _aTHE LAW OF INTELLECTUAL PROPERTY RIGHTS |
| 264 | 3 | 1 | _aNEW DEHI : DEEP and DEEP PUBLICATIONS LTD،2004 |
| 300 | _a356p | ||
| 336 |
_atext _btxt _2rdacontent |
||
| 337 |
_aunmediated _bn _2rdamedia |
||
| 338 |
_avolume _bnc _2rdacarrier |
||
| 999 |
_aE5 _c5 _d5 |
||